| 000 | 00764 a2200241 4500 | ||
|---|---|---|---|
| 005 | 20251126154734.0 | ||
| 008 | 251126b |||||||| |||| 00| 0 eng d | ||
| 020 | _a9780198876434 (hbk) | ||
| 037 | _cTB | ||
| 040 |
_aCRL _cCRL |
||
| 041 |
_2eng _aeng |
||
| 084 |
_aR4,(D65,8(B)) R4 _qCRL |
||
| 245 | _aAl morality | ||
| 260 |
_aOxford, UK: _bOxford University Press, _c2024. |
||
| 300 | _ax, 240p. | ||
| 365 |
_b14.99 _cUKP |
||
| 650 |
_aPhilosophy _9853054 |
||
| 650 |
_aEthics _9853055 |
||
| 650 |
_aInternet _9853056 |
||
| 700 |
_aEdmonds, David _eeditor. _9853057 |
||
| 942 |
_cTB _2CC _n0 _hR4,(D65,8(B)) R4 |
||
| 999 |
_c1435319 _d1435319 |
||